[Event "Chigorin Mem Classic Open"]
[Site "St Petersburg RUS"]
[Date "2010.11.01"]
[Round "5"]
[White "Poghosyan,S"]
[Black "Zaryvkina,A"]
[Result "1-0"]
[WhiteElo "2335"]
[BlackElo "2063"]

1.Nf3 d5 2.g3 c5 3.Bg2 Nc6 4.O-O e5 5.d3 Be7 6.e4 dxe4 7.dxe4 Qxd1 8.Rxd1 Bg4
9.c3 h6 10.Na3 Be6 11.Nb5 Rc8 12.Nd6+ Bxd6 13.Rxd6 Nf6 14.Ne1 Ke7 15.Rd1 Rhd8
16.Rxd8 Rxd8 17.Be3 b6 18.h3 Ne8 19.f4 f6 20.f5 Bf7 21.g4 Nd6 22.b3 c4 23.b4 Nb5
24.Rc1 Na3 25.Bf3 Kd7 26.h4 Kc7 27.g5 hxg5 28.hxg5 fxg5 29.Bxg5 Rg8 30.Kf2 g6
31.Bh4 g5 32.Bg3 a5 33.bxa5 bxa5 34.Ng2 Rb8 35.Rh1 Rb2+ 36.Kf1 Rb1+ 37.Ne1 Rb7
38.Rh7 Kb6 39.Be2 Ka6 40.Bf2 Nb1 41.Nf3 Bg8 42.Rh8 Bf7 43.Rh6 Rc7 44.Nxe5 Kb7
45.Nxf7 Rxf7 46.Bh5 Re7 47.f6 Rxe4 48.f7 Rf4 49.Rh8  1-0

[Event "Chigorin Mem Classic Open"]
[Site "St Petersburg RUS"]
[Date "2010.11.01"]
[Round "5"]
[White "Hadzimanolis,A"]
[Black "Dubov,Danii"]
[Result "1/2-1/2"]
[WhiteElo "2331"]
[BlackElo "2456"]

1.Nf3 d5 2.g3 c6 3.b3 Bg4 4.Bg2 Nd7 5.Bb2 Ngf6 6.O-O e6 7.d3 Bd6 8.c4 O-O
9.Qc2 h6 10.Re1 e5 11.Nbd2 Qe7 12.h3 Bf5 13.e4 Bh7 14.a3 a5 15.Nh4 Qd8 16.Nf5 Bc5
17.Nf3 Re8 18.g4 dxe4 19.dxe4 Qc7 20.Bc3 Bxf5 21.gxf5 Nh5 22.b4 Bf8 23.Bf1 Nf4
24.c5 b5 25.cxb6 Qxb6 26.bxa5 Qc7 27.Kh2 Nc5  1/2-1/2

[Event "16th Venetian Chess Autumn"]
[Site "Venice ITA"]
[Date "2010.11.01"]
[Round "5.12"]
[White "Profumo,A"]
[Black "Bortolussi,A"]
[Result "1-0"]
[WhiteElo "2250"]
[BlackElo "1951"]

1.Nf3 d5 2.g3 Nf6 3.Bg2 c6 4.O-O Bf5 5.d3 Nbd7 6.c4 e6 7.Nc3 h6 8.cxd5 exd5
9.e4 dxe4 10.dxe4 Bg4 11.e5 Nh7 12.Re1 Nc5 13.h3 Qxd1 14.Rxd1 Bxf3 15.Bxf3 Ng5
16.Bg2 Be7 17.Be3 a5 18.f4 Nge6 19.f5 Ng5 20.h4 Nh7 21.Ne4 Nxe4 22.Bxe4 Nf8
23.Rac1 Rd8 24.Kg2 Rxd1 25.Rxd1 Nd7 26.Bd4 Bc5 27.e6 Nf6 28.Bxc5 Nxe4 29.Bb6 Rf8
30.Rd8+ Ke7 31.Rd7+ Ke8 32.e7  1-0

[Event "20th World Seniors Women"]
[Site "Arco ITA"]
[Date "2010.11.02"]
[Round "6"]
[White "Fatalibekova,E"]
[Black "Fomina,T"]
[Result "1-0"]
[WhiteElo "2270"]
[BlackElo "2256"]

1.Nf3 d5 2.g3 Nc6 3.d4 Bg4 4.Bg2 Qd7 5.Ne5 Nxe5 6.dxe5 O-O-O 7.Qd4 b6 8.Nc3 Be6
9.b4 f6 10.a4 fxe5 11.Qxe5 Nf6 12.Nb5 Kb8 13.Nd4 Bf7 14.b5 Ng4 15.Qg5 h6
16.Qd2 Ne5 17.Qf4  1-0

[Event "20th World Seniors"]
[Site "Arco ITA"]
[Date "2010.11.02"]
[Round "7"]
[White "Mentink,T"]
[Black "Davydov,M"]
[Result "1-0"]
[WhiteElo "1842"]
[BlackElo "2032"]

1.Nf3 d5 2.g3 Nf6 3.Bg2 c5 4.O-O Nc6 5.d3 e6 6.Nbd2 Be7 7.c4 b6 8.Rb1 O-O
9.b3 Qc7 10.Bb2 d4 11.a3 a5 12.b4 axb4 13.axb4 Bb7 14.bxc5 bxc5 15.Nb3 Nb4
16.Qd2 h6 17.Ra1 Nd7 18.Ba3 e5 19.Rfb1 Rfb8 20.Bxb4 cxb4 21.Rxa8 Bxa8 22.Ra1 Nc5
23.Qb2 Bc6 24.Nxc5 Bxc5 25.Qb3 Kh7 26.Nd2 Bxg2 27.Kxg2 f5 28.f3 Qb7 29.Ra5 Qc6
30.Qa2 Bf8 31.Rxe5 Re8 32.Rxe8 Qxe8 33.Nb3 Qe5 34.Qc2 Bc5 35.Qd2 Bd6 36.f4 Qf6
37.c5 Bxc5 38.Qc2 Bb6 39.Qc4 Qd6 40.Kh3 Kg6 41.Nd2 Kh7 42.Nf3 Qc5 43.Qe6 Qb5
44.Ne5 b3 45.Qxf5+ Kh8 46.Qf7 Kh7 47.Nd7 Bd8 48.Nf8+ Kh8 49.f5 b2 50.Ng6+ Kh7
51.Qf8 Qxf5+ 52.Qxf5 b1=Q 53.Ne7+ Kh8 54.Qf8+ Kh7 55.Qg8+  1-0

[Event "Chigorin Mem Classic Open"]
[Site "St Petersburg RUS"]
[Date "2010.11.02"]
[Round "6"]
[White "Grigoryan,K2"]
[Black "Lintchevski,D"]
[Result "1/2-1/2"]
[WhiteElo "2290"]
[BlackElo "2528"]

1.Nf3 d5 2.g3 c6 3.Bg2 Bg4 4.O-O Nd7 5.d4 e6 6.Nbd2 Ngf6 7.Re1 Be7 8.e4 dxe4
9.Nxe4 O-O 10.c3 Nxe4 11.Rxe4 Bf5 12.Re1 a5 13.Qb3 Qb6 14.Ne5 Qxb3 15.axb3 Nxe5
16.Rxe5 Bd8 17.Bf4 Bb6 18.Re2 Ra7 19.Rd2 Rd8 20.Be3 Raa8 21.Kf1 h5 22.Ke2 Rd7
23.b4 Rdd8 24.bxa5 Bxa5 25.b4 Bb6 26.Rda2 Rac8 27.Rb2 e5 28.dxe5 Bxe3 29.fxe3 Bg4+
30.Kf2 Rd3 31.c4 Rcd8 32.Ra7 Rd2+  1/2-1/2

[Event "20th World Seniors"]
[Site "Arco ITA"]
[Date "2010.11.03"]
[Round "8"]
[White "Shvedchikov,A"]
[Black "Pushkov,N"]
[Result "1-0"]
[WhiteElo "2421"]
[BlackElo "2466"]

1.Nf3 d5 2.g3 c5 3.Bg2 Nf6 4.O-O Nc6 5.d4 e6 6.c4 dxc4 7.Qa4 Bd7 8.dxc5 Bxc5
9.Qxc4 Qe7 10.Nc3 Rc8 11.Bg5 h6 12.Bxf6 gxf6 13.Ne4 Bb6 14.Qd3 O-O 15.Qxd7  1-0

[Event "20th World Seniors"]
[Site "Arco ITA"]
[Date "2010.11.03"]
[Round "8"]
[White "Gierse,H"]
[Black "Zilahi,G"]
[Result "1/2-1/2"]
[WhiteElo "2127"]
[BlackElo "1946"]

1.Nf3 d5 2.g3 c6 3.Bg2 Bg4 4.d3 Nd7 5.Nbd2 e5 6.e4 Ngf6 7.O-O Bc5 8.h3 Bh5
9.Qe1 Qe7 10.a3 O-O 11.b4 Bd6 12.Bb2 Rfe8 13.Nh4 Bg6 14.c4 dxe4 15.dxe4 Bc7
16.Qe3 a5 17.Qb3 Nf8 18.Rad1 Red8 19.c5 Rd7 20.Nxg6 Nxg6 21.Nc4 axb4 22.Rxd7 Qxd7
23.Rd1 Qe6 24.Qxb4 Rb8 25.Nb6 Nf8 26.a4 Qe7 27.Bc1 N6d7 28.Ba3 Bxb6 29.cxb6 Qxb4
30.Bxb4 Nxb6 31.a5 Nbd7 32.Bd6 Ra8 33.Rb1 Rxa5 34.Rxb7  1/2-1/2

[Event "Medosz Hotel"]
[Site "Budapest HUN"]
[Date "2010.11.03"]
[Round "9"]
[White "Sebestyen,Bala"]
[Black "Farkas,R"]
[Result "1-0"]
[WhiteElo "2227"]
[BlackElo "1960"]

1.Nf3 d5 2.g3 Bg4 3.Bg2 c6 4.d4 Nd7 5.O-O Ngf6 6.b3 e6 7.Bb2 Bd6 8.Nbd2 Qc7
9.c4 O-O 10.Rc1 Rfe8 11.Re1 Ne4 12.Nxe4 dxe4 13.Nd2 f5 14.c5 Be7 15.Qc2 Nf6
16.f3 Bh5 17.fxe4 f4 18.Nf1 Ng4 19.h3 Ne3 20.Nxe3 fxe3 21.e5 Rf8 22.Rf1 Bg5
23.Rcd1 Rxf1+ 24.Rxf1 Rf8 25.Rxf8+ Kxf8 26.Bc3 Qf7 27.Be1 Bg6 28.Be4 Bxe4
29.Qxe4 Qf5 30.Qf3 Ke7 31.h4 Bh6 32.g4 Qxf3 33.exf3 Bf4 34.Kf1 Kd7 35.Ke2 b6
36.b4 b5 37.Bc3 Bg3 38.h5 Bf4 39.Bb2 Ke8 40.Bc1 Bg5 41.Bxe3 Bd8 42.f4 g6
43.hxg6 hxg6 44.Kf3 a6 45.Ke4 Kf7 46.f5 gxf5+ 47.gxf5 Be7 48.Kf4 Bh4 49.d5 exf5
50.Kxf5 cxd5 51.c6 Bd8 52.Bc5 d4 53.Bxd4 a5 54.bxa5 Bxa5 55.Bc5 Ke8 56.Bd6 Kd8
57.c7+ Kc8 58.e6 Bxc7 59.Bxc7 b4 60.Ba5  1-0

[Event "Chigorin Mem Classic Open"]
[Site "St Petersburg RUS"]
[Date "2010.11.03"]
[Round "7"]
[White "Kuzubov,Y"]
[Black "Bogdanovich,S"]
[Result "1-0"]
[WhiteElo "2628"]
[BlackElo "2464"]

1.Nf3 d5 2.g3 Nf6 3.Bg2 g6 4.O-O Bg7 5.c4 c6 6.Qb3 O-O 7.d3 Nbd7 8.cxd5 cxd5
9.Nc3 Nc5 10.Qa3 b6 11.Be3 Ne6 12.Ne5 Bb7 13.Rac1 Nd7 14.Nf3 Nf6 15.Qb4 Re8
16.Nb5 Nd7 17.Bh3 Ndf8 18.d4 a6 19.Nc3 Rc8 20.Na4 Rc4 21.Rxc4 dxc4 22.Nxb6 Nxd4
23.Nxd4 Bxd4 24.Rd1 e5 25.Nd7 Bxe3 26.Qxb7 Bd4 27.e3 Nxd7 28.exd4 Nc5 29.Qc6 Nd3
30.dxe5 Qa8 31.Qxa8 Rxa8 32.b3 Nxe5 33.f4 cxb3 34.fxe5 bxa2 35.Ra1 Re8 36.e6 f5
37.Bf1 Kg7 38.Bc4  1-0

[Event "14th OIBM"]
[Site "Bad Wiessee GER"]
[Date "2010.11.04"]
[Round "6.33"]
[White "Deglmann,L"]
[Black "Gerstner,B"]
[Result "1-0"]
[WhiteElo "2397"]
[BlackElo "2188"]

1.g3 d5 2.Nf3 Nf6 3.c4 c6 4.Bg2 Bg4 5.Ne5 Be6 6.cxd5 Bxd5 7.Nf3 c5 8.O-O e6
9.Nc3 Bc6 10.Re1 Be7 11.e4 O-O 12.e5 Nd5 13.Ne4 Nd7 14.b3 Qc7 15.Bb2 Rad8
16.a3 a5 17.Rc1 a4 18.d4 Qa5 19.dxc5 axb3 20.Nd4 Ba4 21.Nd6 Nxc5 22.Bxd5 Bxd6
23.exd6 exd5 24.Nf5 Rfe8 25.Ne7+ Kf8 26.Bxg7+  1-0

[Event "TCh-CHN"]
[Site "Beijing CHN"]
[Date "2010.11.04"]
[Round "18"]
[White "Ju Wenjun"]
[Black "Shen Yang"]
[Result "1-0"]
[WhiteElo "2500"]
[BlackElo "2444"]

1.Nf3 d5 2.g3 c6 3.Bg2 Bf5 4.d3 Nf6 5.O-O e6 6.Nbd2 h6 7.Qe1 Be7 8.e4 Bh7
9.Qe2 O-O 10.b3 a5 11.a3 Na6 12.Bb2 Re8 13.Ne5 Rc8 14.f4 b5 15.g4 Nd7 16.Nxd7 Qxd7
17.Nf3 dxe4 18.dxe4 a4 19.Kh1 axb3 20.cxb3 Nc5 21.Ne5 Qb7 22.g5 f6 23.Ng4 fxg5
24.Qe3 Nd7 25.Qc3 e5 26.fxe5 Bg6 27.Rad1 b4 28.axb4 Nf8 29.Nxh6+ Kh7 30.Nf7 Qxb4
31.Qh3+  1-0

[Event "20th World Seniors Women"]
[Site "Arco ITA"]
[Date "2010.11.05"]
[Round "8"]
[White "Borisova,B"]
[Black "Khmiadashvili,T"]
[Result "1/2-1/2"]
[WhiteElo "2096"]
[BlackElo "2162"]

1.Nf3 d5 2.g3 Nf6 3.Bg2 c6 4.O-O g6 5.d4 Bg7 6.b3 O-O 7.Bb2 Ne4 8.Qc1 Nd7
9.c4 Re8 10.Nc3 Nxc3 11.Bxc3 Nf8 12.Re1 Bf5 13.Qd2 Be4 14.Rad1 e6 15.Qb2 g5
16.Nd2 Bxg2 17.Kxg2 f5 18.f3 Qf6 19.Nf1 Ng6 20.e3 h5 21.Qf2 Rf8 22.Bb4 Rf7
23.Bd6 Bf8 24.Bxf8 Raxf8 25.f4 h4 26.Nd2 Rg7 27.Kf1 g4 28.Ke2 Rh7 29.Rh1 Kf7
30.Rhg1 Rfh8 31.Rg2 Qd8 32.Rc1 Qa5 33.Rc2 Kf6 34.Qe1 Qb6 35.Nf1 a5 36.Qc3 Qb4
37.a4 Qb6 38.c5 Qa6+ 39.Qd3 hxg3 40.Qxa6 bxa6 41.hxg3 Rb7 42.Rc3 Ne7 43.Rh2 Rxh2+
44.Nxh2 Ng8 45.Nf1 Kg6 46.Kf2 Nf6 47.Nd2 Nd7 48.Kg2 Nf8 49.Rc1 e5 50.fxe5 Ne6
51.Re1 Ng5 52.Rb1 Rb8 53.Rb2 Ne6 54.Rb1 Rb4 55.Re1 Ng7 56.Rc1 Rb8 57.Rc3 Rh8
58.Rc1 f4 59.gxf4 Nf5 60.Nf1 Rh3 61.Kf2 Kf7 62.Rb1 Rh8 63.Kg2 Ke6 64.Re1 g3  1/2-1/2

[Event "14th OIBM"]
[Site "Bad Wiessee GER"]
[Date "2010.11.05"]
[Round "8.12"]
[White "Deglmann,L"]
[Black "Abergel,T"]
[Result "1-0"]
[WhiteElo "2397"]
[BlackElo "2521"]

1.g3 d5 2.Nf3 Nf6 3.c4 d4 4.b4 c5 5.Bg2 Nc6 6.Qa4 cxb4 7.a3 bxa3 8.Ne5 Bd7
9.Nxd7 Qxd7 10.Bxa3 e5 11.Bxf8 Kxf8 12.d3 g6 13.O-O Kg7 14.Nd2 Qc7 15.Rfb1 Rhc8
16.Bxc6 bxc6 17.Qa6 Qd7 18.Ra5 Qg4 19.f3 Qg5 20.f4 Qh6 21.Rxe5 Ng4 22.Nf3 Nxe5
23.Nxe5 Rf8 24.Rb7 Rae8 25.Qxa7 Rxe5 26.Qxd4 Re8 27.fxe5 Qc1+ 28.Kg2 Qg5
29.e6+  1-0

[Event "TCh-NOR Attack-serien 2010-11"]
[Site "Oslo NOR"]
[Date "2010.11.05"]
[Round "1"]
[White "Lie,Es"]
[Black "Hole,O"]
[Result "1/2-1/2"]
[WhiteElo "2455"]
[BlackElo "2380"]

1.Nf3 d5 2.g3 Nf6 3.Bg2 c6 4.O-O Bf5 5.d3 h6 6.c4 e6 7.Qb3 Qb6 8.Qc2 Nbd7
9.cxd5 cxd5 10.Be3 Bc5 11.Bxc5 Qxc5 12.Qxc5 Nxc5 13.Rc1 Ncd7 14.Rc7 Rb8 15.Nbd2 Ke7
16.e4 Bh7 17.Rac1 Rhd8 18.Ne5 dxe4 19.dxe4 Ne8 20.Rxd7+ Rxd7 21.Nxd7 Kxd7
22.Nc4 Ke7 23.e5 f6 24.f4 b6 25.Bc6 Bd3 26.Bxe8 Bxc4 27.Rxc4 Kxe8 28.Rc7 Rd8
29.Rxg7 Rd1+ 30.Kg2 fxe5 31.fxe5 Rd2+ 32.Kh3 Rxb2 33.Rxa7 Re2 34.Rh7 Rxa2
35.Rxh6 Kf7 36.Kg4 Re2 37.Kf4 b5 38.h4 Rf2+ 39.Ke3 Rf1 40.Rh7+ Kg6 41.Re7 Rb1
42.g4 Rb3+ 43.Kd2 Rb4 44.h5+ Kg5 45.Rg7+ Kh6 46.Rg6+ Kh7 47.Ke3 Rc4 48.Kf3 Rc6
49.Rf6 b4 50.g5 Rc3+ 51.Ke4 Rc4+ 52.Kd3 Rg4 53.Rh6+ Kg7 54.Rg6+ Kh7 55.Kc2 Rg3
56.Kb2 Rh3 57.Rh6+ Kg7 58.Kc2 Rg3 59.Rg6+ Kh7 60.Rxe6 Rxg5 61.Kb3 Rxh5 62.Kxb4 Kg7
63.Kc5 Kf8 64.Kd6 Rh1 65.Kd7 Rh7+ 66.Kd8 Ra7 67.Rf6+ Kg7 68.Rd6 Kf8 69.Rf6+ Kg7
70.Rc6 Kf8 71.Rd6 Ra8+ 72.Kd7 Ra7+ 73.Ke6 Ke8 74.Rb6 Re7+ 75.Kf6 Rf7+ 76.Ke6 Re7+
77.Kd5 Rd7+ 78.Rd6 Ra7 79.Re6+ Kd7 80.Rd6+  1/2-1/2

[Event "TCh-NOR Attack-serien 2010-11"]
[Site "Oslo NOR"]
[Date "2010.11.05"]
[Round "1"]
[White "Tisdall,J"]
[Black "Stojanovic,Mih"]
[Result "0-1"]
[WhiteElo "2420"]
[BlackElo "2582"]

1.Nf3 d5 2.g3 Nf6 3.Bg2 c6 4.O-O Bf5 5.d3 h6 6.c4 dxc4 7.e4 Bg4 8.h3 Bxf3
9.Qxf3 Qxd3 10.Be3 Nbd7 11.Nc3 Qd6 12.Rad1 Qb4 13.Bd2 Qb5 14.Be3 Qa5 15.Qe2 e6
16.Qxc4 Be7 17.Bd2 O-O 18.Kh2 Qh5 19.a3 Rfd8 20.f3 Qc5 21.Qe2 Nb6 22.Be3 Qa5
23.Bd2 Qc5 24.Be3 Qc4 25.Qc2 e5 26.h4 Nfd7 27.b3 Qa6 28.a4 Bc5 29.Bc1 Bd4
30.Ba3 Nf8 31.Rfe1 Nbd7 32.Ne2 Bf2 33.Rf1 Bc5 34.Bb2 Qb6 35.Bh3 Be7 36.Bc3 Bb4
37.Bb2 Qc5 38.Qb1 Qe3 39.Qd3 Qxd3 40.Rxd3 Nc5  0-1

[Event "Chigorin Mem Classic Open"]
[Site "St Petersburg RUS"]
[Date "2010.11.05"]
[Round "9"]
[White "Kuzubov,Y"]
[Black "Andriasian,Z"]
[Result "0-1"]
[WhiteElo "2628"]
[BlackElo "2579"]

1.Nf3 d5 2.g3 Nf6 3.Bg2 Bg4 4.O-O Nbd7 5.d4 e6 6.Nbd2 Be7 7.Re1 c5 8.e4 dxe4
9.Nxe4 O-O 10.dxc5 Nxc5 11.Qxd8 Raxd8 12.Nxc5 Bxc5 13.a3 a5 14.Ne5 Bf5 15.c3 Nd5
16.c4 Nf6 17.Bxb7 Rb8 18.Bf3 h5 19.Nc6 Rb3 20.Be3 Bxe3 21.Rxe3 Rxb2 22.Ne7+ Kh7
23.Nxf5 exf5 24.Rc1 Rc8 25.c5 Rc7 26.c6 g6 27.h3 Rb5 28.Kf1 Kg7 29.Rc2 g5
30.Bg2 Kg6 31.Rec3 g4 32.hxg4 hxg4 33.Rc5 Rb3 34.R2c3 a4 35.Ke2 Rb2+ 36.Rc2 Rb3
37.R5c3 Rb1 38.Rc1 Rb2+ 39.Kf1 Rb3 40.Ke1 Rb2 41.Kf1 Rb3 42.Ke1 Rb2 43.Re3 Ra2
44.Kf1 Kg5 45.Rcc3 Rb2 46.Rc4 Nh5 47.Rb4 Ra2 48.Rb7 Rc8 49.Rxf7 Ra1+ 50.Re1 Rxa3
51.Rc1 Nf6 52.Rg7+ Kh6 53.Ra7 Ne4 54.Bxe4 fxe4 55.Ke2 e3 56.fxe3 Re8 57.Kd2 Rexe3
58.Rd7 Rxg3 59.Rh1+ Kg6 60.Rd6+ Kg5 61.c7 Rg2+ 62.Ke1 Rc2 63.Rh7 Ra1+ 64.Rd1 Rxd1+
65.Kxd1 Rc6 66.Rd7 a3 67.Rd3 Rxc7 68.Rxa3 Re7 69.Kd2 Kh4  0-1

[Event "Chigorin Mem Classic Open"]
[Site "St Petersburg RUS"]
[Date "2010.11.05"]
[Round "9"]
[White "Poghosyan,S"]
[Black "Sukhareva,E"]
[Result "1-0"]
[WhiteElo "2335"]
[BlackElo "2176"]

1.Nf3 d5 2.g3 c6 3.Bg2 Nd7 4.O-O e5 5.d3 g6 6.e4 Ne7 7.exd5 cxd5 8.c4 d4
9.Nh4 Bg7 10.f4 O-O 11.Qe2 h6 12.fxe5 Nxe5 13.Bxh6 Bxh6 14.Qxe5 Nf5 15.Nxf5 Bxf5
16.Rxf5 gxf5 17.Qxf5 Qg5 18.Qxg5+ Bxg5 19.Na3 Rae8 20.Be4 f5 21.Bd5+ Kg7
22.Kf1 Re3 23.Rd1 f4 24.g4 Rh8 25.Nc2 Rxh2 26.Nxd4 Reh3 27.Bg2 Re3 28.Kg1 Rh4
29.Nf5+ Kf6 30.Rf1 Ke6 31.Bd5+ Kd7 32.Nxh4 Bxh4 33.Rxf4  1-0

[Event "TCh-CZE 2010-11"]
[Site "Frydek Mistek CZE"]
[Date "2010.11.06"]
[Round "1.8"]
[White "Zpevak,P"]
[Black "Mozny,M"]
[Result "1/2-1/2"]
[WhiteElo "2391"]
[BlackElo "2379"]

1.Nf3 d5 2.g3 g6 3.Bg2 Bg7 4.O-O e5 5.d3 Ne7 6.Nbd2 O-O 7.e4 Nbc6 8.c3 h6
9.Re1 Be6 10.Qc2 Qd7 11.b4 a6 12.Bb2 Rad8 13.a3 dxe4 14.dxe4 Qd3 15.Qxd3 Rxd3
16.Bf1 Rd7 17.a4 f5 18.b5 Na5 19.exf5 gxf5 20.bxa6 bxa6 21.Bxa6 Nec6 22.Bb5 Rfd8
23.Nf1 e4 24.Nh4 Rf7 25.Ng6 Ne5 26.Nxe5 Bxe5 27.Rac1 c6 28.Be2 Nb3 29.Rc2 Rg7
30.c4 Bxb2 31.Rxb2 Nd4 32.Ra1 Nxe2+ 33.Rxe2 Ra8 34.Rea2 Bxc4 35.Ra3 Bxf1
36.Kxf1 Ra5 37.Rc3 Rga7 38.Rxc6 Rxa4 39.Rxa4 Rxa4  1/2-1/2

[Event "TCh-FIN 2010-11"]
[Site "Helsinki FIN"]
[Date "2010.11.06"]
[Round "3.5"]
[White "Maki,V"]
[Black "Koskinen,Hen"]
[Result "1-0"]
[WhiteElo "2409"]
[BlackElo "2295"]

1.Nf3 d5 2.g3 Nf6 3.Bg2 Bf5 4.c4 c6 5.cxd5 cxd5 6.Qb3 Qc8 7.Nc3 e6 8.d3 Nc6
9.Bf4 Nh5 10.Be3 Be7 11.O-O O-O 12.Rac1 Nf6 13.Nd4 Bg6 14.Nxc6 bxc6 15.Na4 Qa6
16.Qc2 Rfc8 17.Bc5 Bd8 18.e4 Bb6 19.h3 Nd7 20.Bd6 Bd4 21.Rfd1 h5 22.b3 Qb7
23.Nc5 Nxc5 24.Bxc5 Be5 25.Qe2 Bf6 26.h4 Qb5 27.e5 Bd8 28.Bf3 Bb6 29.Bd6 c5
30.Bxh5 Bxh5 31.Qxh5 a5 32.Qg4 Bd8 33.h5 a4 34.h6 g6 35.h7+ Kh8 36.Qf4  1-0

[Event "TCh-NOR Attack-serien 2010-11"]
[Site "Oslo NOR"]
[Date "2010.11.06"]
[Round "2"]
[White "Solem,T"]
[Black "Leer Salvesen,B"]
[Result "0-1"]
[WhiteElo "2203"]
[BlackElo "2360"]

1.Nf3 d5 2.g3 Nf6 3.Bg2 c6 4.O-O Nbd7 5.d3 e5 6.Nbd2 Bd6 7.e4 O-O 8.c3 Re8
9.Qc2 a5 10.a4 Qc7 11.b3 b6 12.Bb2 dxe4 13.dxe4 Ba6 14.c4 Rad8 15.Rfd1 Nc5
16.Ne1 Bc8 17.Nf1 Bf8 18.Ne3 Ng4 19.Nxg4 Bxg4 20.f3 Bc8 21.Bc3 f6 22.Bf1 Ne6
23.Kg2 Bc5 24.Nd3 Bd4 25.b4 axb4 26.Nxb4 Rd6 27.Rd2 Red8 28.Rad1 Qf7 29.Bxd4 Nxd4
30.Qc3 Qa7 31.Ra1 Be6 32.Nd3 c5 33.a5 b5 34.Nf2 b4 35.Qb2 Ra6 36.f4 exf4
37.gxf4 Rxa5 38.Rad1 Qf7 39.Rc1 f5 40.Nd3 fxe4 41.Nxc5 Rxc5 42.Rxd4 Rxd4
43.Qxd4 Qxf4 44.Qxc5 Qxc1 45.Qxb4 Bh3+ 46.Kxh3 Qxf1+ 47.Kh4 Qf4+ 48.Kh3 Qf3+
49.Kh4 Qf4+ 50.Kh3 h6 51.Qb3 e3 52.c5+ Kh8 53.Qd5 Qf1+ 54.Kg3 Qf2+ 55.Kg4 e2
56.Qd8+ Kh7 57.Qd3+ Kg8 58.Qd8+ Qf8 59.Qd5+ Kh8 60.Qe5 Qxc5 61.Qxc5 e1=Q
62.Qc8+ Kh7 63.Qf5+ Kg8 64.Qc8+ Kf7 65.Qf5+ Ke8 66.Qg6+ Kf8 67.Qf5+ Ke7 68.Qc5+ Kd7
69.Qd5+ Ke7 70.Qc5+ Ke8 71.Qc6+ Kf7 72.Qd7+ Qe7 73.Qf5+ Qf6 74.Qd7+ Kg8 75.h4 Qg6+
76.Kh3 Qe4 77.Kg3 Kh7 78.h5 Qe5+ 79.Kg4 Qg5+ 80.Kf3 Qxh5+ 81.Ke3 Qg5+ 82.Kf3 Qg6
83.Kf2 Qe4 84.Kg3 Qe3+ 85.Kg2 Qe4+ 86.Kg3 h5 87.Qc8 Qg4+  0-1

[Event "4NCL 2010-11"]
[Site "Daventry ENG"]
[Date "2010.11.07"]
[Round "2.15"]
[White "Dearing,E"]
[Black "Gordon,S"]
[Result "1/2-1/2"]
[WhiteElo "2412"]
[BlackElo "2528"]

1.Nf3 d5 2.g3 Bg4 3.Bg2 Nd7 4.O-O c6 5.d4 e6 6.Nbd2 Ngf6 7.Re1 Be7 8.e4 dxe4
9.Nxe4 O-O 10.c3 Bh5 11.Qb3 Qb6 12.Nxf6+ Bxf6 13.Be3 a5 14.Nd2 a4 15.Qc2 Qb5
16.Bf1 Qd5 17.Bg2 Qb5 18.Bf1 Qa5 19.Nc4 Qd5 20.Bf4 Bg6 21.Qe2 Be7 22.b4 axb3
23.axb3 Bh5 24.Qc2 Bf3 25.Nd2 Bg4 26.h3 Bf5 27.Qb2 Nb6 28.Nc4 Nxc4 29.bxc4 Qd7
30.c5 g5 31.Be3 Rfb8 32.Qd2 h6 33.g4 Bg6 34.f4 Qd8 35.Bg2 Rxa1 36.Rxa1 b6
37.cxb6 Rxb6 38.Rf1 gxf4 39.Bxf4 Bg5 40.Kh1 Kh7 41.Qf2 Rb3 42.Be5 Rxc3 43.Qb2 Rc4
44.Qb3 Rc1 45.Rxc1  1/2-1/2

[Event "4NCL 2010-11"]
[Site "Daventry ENG"]
[Date "2010.11.07"]
[Round "2.16"]
[White "Gourlay,I"]
[Black "Conquest,S"]
[Result "0-1"]
[WhiteElo "2367"]
[BlackElo "2529"]

1.Nf3 d5 2.g3 Bg4 3.Bg2 Nd7 4.c4 e6 5.cxd5 exd5 6.Nc3 Ngf6 7.O-O Be7 8.d3 O-O
9.Bf4 c6 10.Qc2 Nc5 11.h3 Bxf3 12.Bxf3 Ne6 13.Qc1 Re8 14.Re1 Bc5 15.Bd2 Qc7
16.Kf1 Rad8 17.Rb1 Bd6 18.b4 Bxg3 19.fxg3 Qxg3 20.Bg2 Nh5 21.e3 Ng5 22.Qd1 Nxh3
23.Qf3 Rd6 24.Ke2 N3f4+ 25.Kf1 Nxd3 26.Ne2 Qh2 27.Bc3 Rg6 28.Red1 Rxe3 29.Qxe3 Qxg2+  0-1

[Event "49th TCh-DEN XtraCon 2010-11"]
[Site "Denmark DEN"]
[Date "2010.11.07"]
[Round "2.2"]
[White "Sorensen,B"]
[Black "Skytte,R"]
[Result "1/2-1/2"]
[WhiteElo "2282"]
[BlackElo "2409"]

1.Nf3 d5 2.g3 Bf5 3.Bg2 e6 4.O-O Nf6 5.d3 h6 6.Nbd2 Be7 7.b3 O-O 8.Ne5 Bh7
9.Bb2 Nfd7 10.Nxd7 Nxd7 11.e4 Bf6 12.Bxf6 Nxf6 13.Qe2 c6 14.e5 Nd7 15.f4 a5
16.a4 Qe7 17.Ra2 f6 18.exf6 Qxf6 19.Nf3 Rae8 20.Re1 Qd8  1/2-1/2

[Event "49th TCh-DEN XtraCon 2010-11"]
[Site "Denmark DEN"]
[Date "2010.11.07"]
[Round "2.7"]
[White "Pedersen,F"]
[Black "Christiansen,JJ"]
[Result "1-0"]
[WhiteElo "2303"]
[BlackElo "2136"]

1.Nf3 d5 2.g3 Nf6 3.Bg2 Bg4 4.c4 Bxf3 5.Bxf3 c6 6.cxd5 cxd5 7.Qb3 Qd7 8.Nc3 e6
9.O-O Nc6 10.e3 Be7 11.d4 O-O 12.Na4 Na5 13.Qd1 Rfc8 14.Nc5 Qc7 15.Bd2 Bxc5
16.dxc5 Nc4 17.b4 a5 18.a3 axb4 19.Bxb4 Qe5 20.Qd4 Qf5 21.Bg2 e5 22.e4 Qg6
23.Qd3 Rd8 24.Rfe1 b5 25.cxb6 Nxb6 26.Be7 dxe4 27.Qxd8+ Rxd8 28.Bxd8 Nc4
29.Bxf6 gxf6 30.Bxe4 f5 31.Bd5 Nb6 32.Rxe5 Nxd5 33.Rxd5 f4 34.Rad1 f3 35.h4 Qe6
36.R5d3 Qg4 37.Re3  1-0

[Event "49th TCh-DEN XtraCon 2010-11"]
[Site "Denmark DEN"]
[Date "2010.11.07"]
[Round "2.3"]
[White "Petersen,To1"]
[Black "Glud,J"]
[Result "1/2-1/2"]
[WhiteElo "2301"]
[BlackElo "2474"]

1.Nf3 d5 2.g3 c6 3.Bg2 Bg4 4.O-O Nd7 5.d4 e6 6.Nbd2 Ngf6 7.Re1 Be7 8.c4 O-O
9.b3 Bb4 10.Bb2 Ne4 11.a3 Bxf3 12.axb4 Bxg2 13.Kxg2 Nxd2 14.Qxd2 a6 15.Qd3 Qe7
16.Bc3 Rfd8 17.e4 dxe4 18.Qxe4 Qg5 19.Ra2 Qg6 20.Qf3 Nf6 21.h3 Rac8 22.Re3 Rd6
23.Re5 Rcd8 24.Re3 h6 25.Rae2 Nh7 26.Qe4 Nf8 27.Qxg6 Nxg6 28.Ra2 R6d7 29.Ra5 Ne7
30.g4 Nc8 31.Rae5 Nd6 32.f3 Rc7 33.Kg3 b5 34.Rc5 Nb7 35.Rce5 Nd6 36.Rc5 Nb7
37.Rce5 Nd6 38.Rc5  1/2-1/2

[Event "49th TCh-DEN XtraCon 2010-11"]
[Site "Denmark DEN"]
[Date "2010.11.07"]
[Round "2.1"]
[White "Danielsen,Hen"]
[Black "Aagaard,J"]
[Result "1/2-1/2"]
[WhiteElo "2516"]
[BlackElo "2534"]

1.g3 d5 2.Nf3 Nf6 3.Bg2 e6 4.O-O Be7 5.d3 c5 6.Nbd2 Nc6 7.e4 b5 8.exd5 exd5
9.d4 O-O 10.dxc5 Bxc5 11.Nb3 Bb6 12.Nfd4 Ne5 13.Re1 Re8 14.c3 Bg4 15.Qc2 Rc8
16.Bf4 Ng6 17.Bg5 Rxe1+ 18.Rxe1 b4 19.Qd2 bxc3 20.bxc3 a5 21.Nc2 h6 22.Bxf6 Qxf6
23.Nbd4 Ne5 24.Ne3 Nf3+ 25.Nxf3 Bxf3 26.Bxf3 Qxf3 27.Qxd5 Qf6 28.Ng4 Qxc3
29.Re7 Qc1+ 30.Kg2 Qc6 31.Qxc6 Rxc6 32.Re8+ Kh7 33.Re2 Bd4 34.h4 a4 35.Re4 Rd6
36.Ne3  1/2-1/2

[Event "VII Open"]
[Site "Figueira da Foz POR"]
[Date "2010.11.07"]
[Round "9.6"]
[White "Paunovic,D"]
[Black "Strebkovs,A"]
[Result "*"]
[WhiteElo "2559"]
[BlackElo "2333"]

1.Nf3 d5 2.g3 c6 3.Bg2 Bg4 4.d3 Nf6 5.h3 Bxf3 6.exf3 g6 7.f4 e6 8.Nd2 Bg7
9.Nf3 Nbd7 10.O-O O-O 11.Qe2 Re8 12.c4 Qc7 13.Ne5 Rad8 14.Re1 Nb6 15.Be3 dxc4
16.dxc4 Nfd7 17.a4 Nxe5 18.fxe5 Qe7 19.a5 Nc8 20.a6 Qc7 21.Qf3 bxa6 22.Qxc6 Qb8
23.Qxa6 Bxe5 24.Rab1 Qb4 25.Bc6 Rf8 26.Qb5 Qe7 27.c5  *

[Event "TCh-SUI 2010"]
[Site "Switzerland SUI"]
[Date "2010.11.07"]
[Round "9.3"]
[White "Pelletier,Y"]
[Black "Drabke,L"]
[Result "1/2-1/2"]
[WhiteElo "2602"]
[BlackElo "2439"]

1.Nf3 d5 2.g3 c6 3.Bg2 Bg4 4.c4 Nf6 5.O-O e6 6.d3 Nbd7 7.cxd5 cxd5 8.Qb3 Qb6
9.Qxb6 Nxb6 10.Nc3 Rc8 11.Be3 Nfd7 12.Rfc1 Bd6 13.a4 Bxf3 14.Bxf3 a5 15.Nb5 Bb4
16.Rxc8+ Nxc8 17.Rc1 Kd8 18.Bd4 Rg8 19.e4 e5 20.Bc3 Bxc3 21.bxc3 Nc5 22.exd5 Nxd3
23.Rb1 f5 24.Bd1 Rf8 25.Bc2 Nc5 26.f3 g6 27.Re1 Re8 28.Kf2 Kd7 29.h4 Nb6
30.h5  1/2-1/2

[Event "ch-ISR"]
[Site "Haifa ISR"]
[Date "2010.11.11"]
[Round "4.2"]
[White "Berkovich,M"]
[Black "Postny,E"]
[Result "1-0"]
[WhiteElo "2392"]
[BlackElo "2604"]

1.Nf3 d5 2.g3 Bg4 3.Bg2 Nc6 4.d4 Qd7 5.h3 Bh5 6.c3 f6 7.Nbd2 e5 8.e4 exd4
9.exd5 Qxd5 10.O-O dxc3 11.bxc3 Qd7 12.Rb1 O-O-O 13.Qa4 Bxf3 14.Bxf3 Nge7
15.Qb5 b6 16.Nb3 Nb8 17.Bb7+ Kxb7 18.Nc5+ Kc8 19.Nxd7 Rxd7 20.c4 Nec6 21.Be3 a6
22.Qf5 Be7 23.Rfd1 Ne5 24.c5 b5 25.Rxd7 Nexd7 26.Qe6  1-0

[Event "Schachbundesliga 2010-11"]
[Site "Griesheim GER"]
[Date "2010.11.12"]
[Round "7"]
[White "Gonda,L"]
[Black "Bulski,K"]
[Result "1-0"]
[WhiteElo "2550"]
[BlackElo "2459"]

1.Nf3 d5 2.g3 Nf6 3.Bg2 c6 4.c4 Bg4 5.Ne5 Bf5 6.cxd5 cxd5 7.Nc3 Nc6 8.Nxc6 bxc6
9.d3 e5 10.O-O Be6 11.e4 h6 12.Qe2 d4 13.Na4 Nd7 14.f4 Nb6 15.Qc2 Nxa4 16.Qxa4 Qb6
17.Bd2 Be7 18.Ba5 Qa6 19.Qc2 Rc8 20.Bd2 c5 21.b3 Qb5 22.Rab1 Rc6 23.Rfc1 f6
24.fxe5 fxe5 25.Rf1 Rf8 26.Bf3 Kd7 27.Bh5 Rcc8 28.Bg6 Rxf1+ 29.Rxf1 Rf8 30.Bf5 Qa6
31.b4 Bxf5 32.exf5 cxb4 33.Qb3 Rc8 34.Re1 Rc5 35.Bxb4 Rb5 36.a3 Bxb4 37.axb4 Qd6
38.Rc1 Ke7 39.Qg8 Kf6 40.Qe8 Qb8 41.Rc6+  1-0